Plošné betonové konstrukce, nádrže a zásobníky /

Na minha lista:
Detalhes bibliográficos
Main Authors: Zich, Miloš (Author), Bažant, Zdeněk (Author)
Formato: Livro
Idioma:tcheco
Publicado em: Brno: CERM, 2010
Edição:1. vyd.
Assuntos:
Tags: Adicionar Tag
Sem tags, seja o primeiro a adicionar uma tag!

MARC

LEADER 00000nam a22000003a 4500
001 0098441
003 SK-STU
005 20221122122822.0
007 ta
008 221122s ----xo-----e------000-0-----d
020 |a 978-80-7204-693-5 
040 |a STU  |b slo 
041 0 |a cze  |h cze 
044 |a xr 
100 1 |a Zich, Miloš,  |4 aut  |r Z6 
245 1 0 |a Plošné betonové konstrukce, nádrže a zásobníky /  |c aut. Miloš Zich, Zdeněk Bažant 
250 |a 1. vyd. 
260 |a Brno:  |b CERM,  |c 2010 
300 |a 161 s. 
650 0 7 |a betónové konštrukcie 
650 0 7 |a betónové nádrže 
650 0 7 |a betónové zásobníky 
700 1 |a Bažant, Zdeněk  |4 aut 
996 |b 284V037913  |c V* 53450/O-24610  |l VVT  |s A  |a 24  |w 0098441_0001 
996 |b 284V037914  |c V* 53451/O-24611  |l VVS  |s A  |a 24  |w 0098441_0002